Top 10 Songs by Metallica - Statistics

General Stats
  • This quiz has been taken 18 times
  • The average score is 7 of 10
Answer Stats
Hint Answer % Correct
1 Master of Puppets
100%
5 One
93%
2 Enter Sandman
87%
4 For Whom the Bell Tolls
80%
3 Nothing Else Matters
80%
10 Battery
73%
8 Seek & Destroy
67%
6 Fade to Black
60%
7 Creeping Death
53%
9 Welcome Home (Sanitarium)
27%
No matching quizzes found
Score Distribution
Percent of People with Each Score
Percentile by Number Answered
Your Score History
You have not taken this quiz